[Event "Titled Tuesday intern op 09th Jan Early"]
[Site "Chess.com INT"]
[Date "2024.01.09"]
[Round "1"]
[White "Kokoszczynski, Jan"]
[Black "Sailer, Mike L"]
[Result "1-0"]
[WhiteElo "2250"]
[BlackElo "2095"]
[PlyCount "73"]
[EventDate "2024.01.09"]
[EventType "swiss (blitz)"]
[EventRounds "11"]
[EventCountry "USA"]
[SourceTitle "CB03_2024"]
[SourceDate "2024.01.17"]
[SourceVersion "1"]
[SourceVersionDate "2024.01.17"]
[SourceQuality "1"]

1. d4 d5 2. Bg5 Bf5 3. e3 Nf6 4. Nf3 e6 5. Nbd2 Bd6 6. Bd3 Nbd7 7. 0-0 c6 8. Re1 0-0 9. e4 dxe4 10. Nxe4 Be7 11. Nxf6+ Bxf6 12. Bxf5 Bxg5 13. Bd3 Bf4 14. Qe2 Nf6 15. Rad1 Qc7 16. Ne5 Bh6 17. c3 g6 18. Bc4 Rae8 19. g3 Nd5 20. Qf3 Bg7 21. Bb3 Ne7 22. h4 Nf5 23. h5 b5 24. Nxc6 a5 25. Ne5 a4 26. Bc2 a3 27. bxa3 Ra8 28. Bb3 Rxa3 29. hxg6 hxg6 30. g4 Nd6 31. d5 Nc4 32. Bxc4 Bxe5 33. Bb3 Qxc3 34. Rd3 Qb2 35. dxe6 Kg7 36. exf7 Rxf7 37. Qxf7+ 1-0

[Event "Titled Tuesday intern op 09th Jan Early"]
[Site "Chess.com INT"]
[Date "2024.01.09"]
[Round "8"]
[White "Sailer, Mike L"]
[Black "Castellano, Christopher"]
[Result "0-1"]
[WhiteElo "2095"]
[BlackElo "2126"]
[PlyCount "82"]
[EventDate "2024.01.09"]
[EventType "swiss (blitz)"]
[EventRounds "11"]
[EventCountry "USA"]
[SourceTitle "CB03_2024"]
[SourceDate "2024.01.17"]
[SourceVersion "1"]
[SourceVersionDate "2024.01.17"]
[SourceQuality "1"]

1. d4 Nf6 2. Bg5 d5 3. Bxf6 exf6 4. e3 c6 5. c4 Bd6 6. cxd5 cxd5 7. Nc3 Be6 8. Qb3 0-0 9. Bd3 Nc6 10. Nge2 Nb4 11. Bb1 f5 12. g3 a5 13. a3 Nc6 14. 0-0 Ne7 15. Ba2 Qd7 16. Rac1 a4 17. Qc2 Rfc8 18. Qd3 h5 19. Nf4 Bxf4 20. exf4 h4 21. Qf3 Ra6 22. Rfe1 Rb6 23. Rc2 Rd8 24. Rce2 Nc6 25. Qd3 Na5 26. Rc1 hxg3 27. hxg3 g6 28. Kg2 Kg7 29. Rh1 Nc4 30. Qc2 Rxb2 31. Qd3 Rxe2 32. Qxe2 Nxa3 33. Qe5+ f6 34. Qe3 Nc4 35. Bxc4 dxc4 36. d5 Bxd5+ 37. Nxd5 Qxd5+ 38. Kg1 Qd1+ 39. Kg2 Qd5+ 40. Kg1 Qe4 41. Qb6 Rd1+ 0-1

[Event "Titled Tuesday intern op 09th Jan Early"]
[Site "Chess.com INT"]
[Date "2024.01.09"]
[Round "5"]
[White "Sailer, Mike L"]
[Black "Kuznecova, Marija"]
[Result "1-0"]
[WhiteElo "2095"]
[BlackElo "2011"]
[PlyCount "61"]
[EventDate "2024.01.09"]
[EventType "swiss (blitz)"]
[EventRounds "11"]
[EventCountry "USA"]
[SourceTitle "CB03_2024"]
[SourceDate "2024.01.17"]
[SourceVersion "1"]
[SourceVersionDate "2024.01.17"]
[SourceQuality "1"]

1. d4 Nf6 2. Bg5 Ne4 3. Bf4 d5 4. f3 Nf6 5. Nc3 Bf5 6. g4 Bg6 7. h4 h6 8. e3 e6 9. Bd3 Bxd3 10. Qxd3 Bd6 11. Nge2 Nc6 12. 0-0-0 Qe7 13. g5 Nh5 14. gxh6 Nxf4 15. Nxf4 Rxh6 16. h5 0-0-0 17. Rdg1 Bxf4 18. exf4 Qf6 19. Rg4 Nxd4 20. Rhg1 Rxh5 21. Rxg7 Qxf4+ 22. Kb1 Nxf3 23. Rd1 Rdh8 24. a3 Rh2 25. b3 Nd2+ 26. Ka2 Qe5 27. Rxf7 Qg5 28. Nb5 c6 29. Nxa7+ Kb8 30. Nxc6+ bxc6 31. Qa6 1-0

[Event "Titled Tuesday intern op 09th Jan Early"]
[Site "Chess.com INT"]
[Date "2024.01.09"]
[Round "2"]
[White "Sailer, Mike L"]
[Black "Mohammadi, Melika"]
[Result "0-1"]
[WhiteElo "2095"]
[BlackElo "2173"]
[PlyCount "58"]
[EventDate "2024.01.09"]
[EventType "swiss (blitz)"]
[EventRounds "11"]
[EventCountry "USA"]
[SourceTitle "CB03_2024"]
[SourceDate "2024.01.17"]
[SourceVersion "1"]
[SourceVersionDate "2024.01.17"]
[SourceQuality "1"]

1. d4 d5 2. Bf4 Nf6 3. e3 c5 4. Nc3 cxd4 5. exd4 a6 6. Nf3 Nc6 7. a3 Bg4 8. Be2 e6 9. Ne5 Bxe2 10. Nxe2 Bd6 11. Nxc6 bxc6 12. Bxd6 Qxd6 13. 0-0 c5 14. c3 0-0 15. Qd3 c4 16. Qc2 Rab8 17. f4 Rb6 18. Ng3 Rfb8 19. Rf2 Ng4 20. Re2 Qxf4 21. Rf1 Qh6 22. h3 Ne3 23. Qb1 Nxf1 24. Nxf1 Rb3 25. Qa1 Qf4 26. a4 Qc7 27. Nh2 Qb7 28. a5 Rxb2 29. Qa4 Rxe2 0-1

[Event "Titled Tuesday intern op 19th Dec Early"]
[Site "Chess.com INT"]
[Date "2023.12.19"]
[Round "9"]
[White "Sailer, Mike L"]
[Black "Kanyamarala, Tarun"]
[Result "0-1"]
[WhiteElo "2095"]
[BlackElo "2305"]
[PlyCount "90"]
[EventDate "2023.12.19"]
[EventType "swiss (blitz)"]
[EventRounds "11"]
[EventCountry "USA"]
[SourceTitle "CB52_2023"]
[SourceDate "2023.12.27"]
[SourceVersion "1"]
[SourceVersionDate "2023.12.27"]
[SourceQuality "1"]

1. d4 Nf6 2. Nc3 e5 3. dxe5 Ng4 4. Nf3 Nc6 5. Bf4 Bc5 6. e3 f6 7. exf6 Nxf6 8. Bc4 d6 9. h3 Na5 10. Bd3 Be6 11. 0-0 Qd7 12. a3 Nc6 13. b4 Bb6 14. Ng5 Bf5 15. Bxf5 Qxf5 16. Qd3 Qd7 17. Nd5 0-0-0 18. Nxb6+ axb6 19. c3 Rde8 20. a4 h6 21. Nf3 Nb8 22. b5 g5 23. Bh2 g4 24. hxg4 Qxg4 25. Qd4 Ne4 26. a5 Rhg8 27. Ne1 bxa5 28. f3 Qh4 29. fxe4 b6 30. Qf6 Qxe4 31. Qf5+ Qxf5 32. Rxf5 Rxe3 33. c4 Rc3 34. Rf4 Nd7 35. Rh4 Nc5 36. Ra2 Rc1 37. Re2 a4 38. Kf2 a3 39. Rh3 Ra1 40. Rxh6 a2 41. Rxa2 Rxa2+ 42. Kf3 Re8 43. Bg3 Ra3+ 44. Kg4 Rg8+ 45. Kh3 Raxg3+ 0-1

[Event "Titled Tuesday intern op 19th Dec Early"]
[Site "Chess.com INT"]
[Date "2023.12.19"]
[Round "6"]
[White "Sailer, Mike L"]
[Black "Spichkin, Alexander"]
[Result "1-0"]
[WhiteElo "2095"]
[BlackElo "2035"]
[PlyCount "113"]
[EventDate "2023.12.19"]
[EventType "swiss (blitz)"]
[EventRounds "11"]
[EventCountry "USA"]
[SourceTitle "CB52_2023"]
[SourceDate "2023.12.27"]
[SourceVersion "1"]
[SourceVersionDate "2023.12.27"]
[SourceQuality "1"]

1. d4 e6 2. Nc3 f5 3. e4 fxe4 4. Nxe4 Nf6 5. Bg5 Be7 6. Bxf6 Bxf6 7. c3 0-0 8. Bd3 b6 9. f4 Bb7 10. Nf3 Nc6 11. 0-0 Ne7 12. Neg5 Nf5 13. Qe1 h6 14. Ne4 Be7 15. Ne5 Qe8 16. g4 Nd6 17. Ng3 Bh4 18. Bg6 Qd8 19. Qe2 Bxg3 20. hxg3 a5 21. Bc2 Ba6 22. c4 Qf6 23. Qd3 g6 24. Nxd7 Qg7 25. Nxf8 Bxc4 26. Qxg6 Bxf1 27. Qxg7+ Kxg7 28. Nxe6+ Kf6 29. Nxc7 Bc4 30. Nxa8 Nb5 31. Nxb6 Nxd4 32. Nxc4 Nxc2 33. Rc1 Nd4 34. Kf2 Ke6 35. Nxa5 Nb5 36. Rc6+ Kf7 37. Rxh6 Nd4 38. b4 Nb5 39. Nc4 Nc3 40. g5 Nb5 41. a4 Nd4 42. b5 Nb3 43. a5 Nc5 44. b6 Kg7 45. Rc6 Na6 46. b7 Nb4 47. Rc7+ Kg6 48. b8Q Nd3+ 49. Kf1 Kf5 50. Qc8+ Ke4 51. Qe6+ Kf3 52. Qe2+ Kxg3 53. Qxd3+ Kxf4 54. Nb6 Kxg5 55. Rc5+ Kf4 56. Rc4+ Ke5 57. Qd5+ 1-0

[Event "Titled Tuesday intern op 12th Dec Early"]
[Site "Chess.com INT"]
[Date "2023.12.12"]
[Round "7"]
[White "Koridze, Lile"]
[Black "Sailer, Mike L"]
[Result "0-1"]
[WhiteElo "2158"]
[BlackElo "2095"]
[PlyCount "38"]
[EventDate "2023.12.12"]
[EventType "swiss (blitz)"]
[EventRounds "11"]
[EventCountry "USA"]
[SourceTitle "CB51_2023"]
[SourceDate "2023.12.20"]
[SourceVersion "1"]
[SourceVersionDate "2023.12.20"]
[SourceQuality "1"]

1. d4 d5 2. c4 Bf5 3. Nc3 e6 4. Nf3 Bb4 5. e3 Nf6 6. Bd2 0-0 7. Be2 a6 8. 0-0 dxc4 9. Bxc4 Bd6 10. h3 h6 11. Qe2 Ne4 12. Nxe4 Bxe4 13. Bc3 b5 14. Bd3 Bxd3 15. Qxd3 c5 16. dxc5 Bh2+ 17. Nxh2 Qxd3 18. Rad1 Qc4 19. Bd4 Qxa2 0-1

[Event "Titled Tuesday intern op 12th Dec Early"]
[Site "Chess.com INT"]
[Date "2023.12.12"]
[Round "10"]
[White "Mizzi, Jack"]
[Black "Sailer, Mike L"]
[Result "1/2-1/2"]
[WhiteElo "2043"]
[BlackElo "2095"]
[PlyCount "140"]
[EventDate "2023.12.12"]
[EventType "swiss (blitz)"]
[EventRounds "11"]
[EventCountry "USA"]
[SourceTitle "CB51_2023"]
[SourceDate "2023.12.20"]
[SourceVersion "1"]
[SourceVersionDate "2023.12.20"]
[SourceQuality "1"]

1. d4 d5 2. g3 Nf6 3. Bg2 e6 4. h4 c5 5. c3 Nc6 6. Nf3 Be7 7. h5 h6 8. Nbd2 b6 9. Ne5 Nxe5 10. dxe5 Nd7 11. Nf3 Bb7 12. g4 Qc7 13. Bf4 a5 14. Qc2 a4 15. c4 dxc4 16. Qxc4 Bd5 17. Qc2 Qc6 18. Nd4 Qb7 19. Nf3 Be4 20. Qc3 b5 21. Rd1 b4 22. Qe3 c4 23. Qd4 Bd5 24. 0-0 Bc5 25. Qd2 Rc8 26. Rfe1 Qb6 27. e4 Bc6 28. Qc2 0-0 29. g5 b3 30. axb3 cxb3 31. Qd2 Bb4 32. Qc1 Bxe1 33. gxh6 Qxf2+ 34. Kh1 Bxe4 35. Qe3 Bxf3 36. Bxf3 Qxe3 37. Bxe3 Bg3 38. Rxd7 Bxe5 39. hxg7 Bxg7 40. Rd2 Rc2 41. Rd1 Bxb2 42. Rg1+ Kh8 43. Bf4 Rg8 44. Rf1 a3 45. Be4 Re2 46. Bd3 Reg2 47. Bc4 a2 48. Bxb3 a1Q 49. Rxa1 Bxa1 50. Ba4 Ra2 51. Bb5 Rb8 52. Bxb8 Rb2 53. Be5+ f6 54. Bxf6+ Kh7 55. Bd3+ Kg8 56. Bxb2 Bxb2 57. Kg2 Bf6 58. Bg6 Kg7 59. Kf3 Kh6 60. Ke4 Bc3 61. Bf7 e5 62. Bg6 Bd4 63. Kf5 Ba1 64. Bf7 Bd4 65. Ke4 Ba1 66. Be8 Bd4 67. Bf7 Ba1 68. Bg6 Bd4 69. Kf5 Ba1 70. Ke4 Bd4 1/2-1/2

[Event "Titled Tuesday intern op 12th Dec Early"]
[Site "Chess.com INT"]
[Date "2023.12.12"]
[Round "5"]
[White "Onoprijchuk, Boris"]
[Black "Sailer, Mike L"]
[Result "1-0"]
[WhiteElo "2385"]
[BlackElo "2095"]
[PlyCount "83"]
[EventDate "2023.12.12"]
[EventType "swiss (blitz)"]
[EventRounds "11"]
[EventCountry "USA"]
[SourceTitle "CB51_2023"]
[SourceDate "2023.12.20"]
[SourceVersion "1"]
[SourceVersionDate "2023.12.20"]
[SourceQuality "1"]

1. e4 d5 2. exd5 Qxd5 3. Nc3 Qd6 4. d4 c6 5. Nf3 Bg4 6. Be3 Nf6 7. h3 Bh5 8. g4 Bg6 9. Ne5 Nbd7 10. Nxg6 hxg6 11. Bg2 e6 12. Qf3 Qc7 13. 0-0 Bd6 14. g5 Nd5 15. Ne4 Nxe3 16. fxe3 Bh2+ 17. Kh1 0-0 18. c4 Nb6 19. c5 Nd5 20. Nf2 Bg3 21. Ng4 Rae8 22. e4 Ne7 23. e5 Bh4 24. Qf4 Nf5 25. Ne3 Nxe3 26. Qxe3 Qe7 27. b4 Qxg5 28. Qe4 Qd8 29. a4 Be7 30. b5 Qd7 31. bxc6 bxc6 32. Rfd1 Rc8 33. Rab1 Rfd8 34. a5 Qd5 35. Qc2 Qd7 36. a6 Rc7 37. Rb4 f6 38. Qxg6 fxe5 39. Be4 Bf6 40. Rf1 exd4 41. Rxf6 d3 42. Qh7# 1-0

[Event "Titled Tuesday intern op 12th Dec Early"]
[Site "Chess.com INT"]
[Date "2023.12.12"]
[Round "3"]
[White "Sailer, Mike L"]
[Black "Chandra, Anand Rishi"]
[Result "0-1"]
[WhiteElo "2095"]
[BlackElo "2157"]
[PlyCount "80"]
[EventDate "2023.12.12"]
[EventType "swiss (blitz)"]
[EventRounds "11"]
[EventCountry "USA"]
[SourceTitle "CB51_2023"]
[SourceDate "2023.12.20"]
[SourceVersion "1"]
[SourceVersionDate "2023.12.20"]
[SourceQuality "1"]

1. d4 g6 2. Bf4 Bg7 3. e3 d6 4. Nf3 Nf6 5. Be2 Nh5 6. Bg5 h6 7. Bh4 g5 8. Nfd2 Nf6 9. Bg3 h5 10. h4 g4 11. e4 Nc6 12. c3 e5 13. dxe5 dxe5 14. Qc2 Qe7 15. Na3 Be6 16. Bc4 Nd7 17. Bxe6 Qxe6 18. Nac4 0-0-0 19. Ne3 Nc5 20. 0-0 Bh6 21. Rfd1 Nd3 22. Ndc4 Nf4 23. b3 Rhe8 24. Nf5 Bf8 25. Nce3 Bc5 26. b4 Bb6 27. a4 a6 28. b5 Ne7 29. bxa6 bxa6 30. Rab1 Nxf5 31. Nxf5 Qc4 32. Rxd8+ Rxd8 33. Kh2 Ne2 34. Rb4 Qd3 35. Qb2 Nxg3 36. fxg3 Qf1 37. Rxb6 Rd1 38. Rb8+ Kd7 39. Rd8+ Kxd8 40. Qb8+ Kd7 0-1

[Event "Titled Tuesday intern op 12th Dec Early"]
[Site "Chess.com INT"]
[Date "2023.12.12"]
[Round "11"]
[White "Sailer, Mike L"]
[Black "Lehtosaari, Mauri"]
[Result "0-1"]
[WhiteElo "2095"]
[BlackElo "2148"]
[PlyCount "92"]
[EventDate "2023.12.12"]
[EventType "swiss (blitz)"]
[EventRounds "11"]
[EventCountry "USA"]
[SourceTitle "CB51_2023"]
[SourceDate "2023.12.20"]
[SourceVersion "1"]
[SourceVersionDate "2023.12.20"]
[SourceQuality "1"]

1. d4 d5 2. Bf4 c5 3. e3 Nc6 4. Nc3 cxd4 5. exd4 a6 6. Nf3 Bg4 7. Be2 e6 8. 0-0 Nf6 9. h3 Bxf3 10. Bxf3 Bd6 11. Bg5 0-0 12. Ne2 b5 13. c3 Rb8 14. a3 a5 15. Nc1 b4 16. cxb4 axb4 17. a4 Bc7 18. Nb3 Rc8 19. Re1 h6 20. Be3 Ne7 21. Nc5 Nf5 22. Qb3 Qd6 23. g3 Nxg3 24. fxg3 Qxg3+ 25. Bg2 Qh2+ 26. Kf1 Nh5 27. Bf2 Qf4 28. Qf3 Qg5 29. Rad1 Bg3 30. Nd7 Bxf2 31. Kxf2 Rfd8 32. Ne5 Rc2+ 33. Re2 Rxe2+ 34. Qxe2 Nf4 35. Qf3 f6 36. Ng4 Rc8 37. Rd2 Qh4+ 38. Kg1 Rc1+ 39. Rd1 Rxd1+ 40. Qxd1 Qg3 41. Qd2 Nxh3+ 42. Kh1 Nf4 43. Ne3 h5 44. Kg1 h4 45. Qf2 Nh3+ 46. Kf1 Qxf2# 0-1

[Event "Titled Tuesday intern op 12th Dec Early"]
[Site "Chess.com INT"]
[Date "2023.12.12"]
[Round "4"]
[White "Sailer, Mike L"]
[Black "Luukkonen, Tommi"]
[Result "1-0"]
[WhiteElo "2095"]
[BlackElo "2323"]
[PlyCount "89"]
[EventDate "2023.12.12"]
[EventType "swiss (blitz)"]
[EventRounds "11"]
[EventCountry "USA"]
[SourceTitle "CB51_2023"]
[SourceDate "2023.12.20"]
[SourceVersion "1"]
[SourceVersionDate "2023.12.20"]
[SourceQuality "1"]

1. d4 Nf6 2. Bg5 e6 3. Nd2 h6 4. Bh4 g5 5. Bg3 d6 6. e3 Bg7 7. Bd3 Nc6 8. a3 Qe7 9. c4 b6 10. Ne2 Bb7 11. f3 h5 12. Nc3 h4 13. Bf2 h3 14. g4 a6 15. Rg1 0-0-0 16. Qe2 Kb8 17. 0-0-0 Nd7 18. Kb1 Na5 19. c5 dxc5 20. Bxa6 cxd4 21. exd4 Ba8 22. Nde4 Nf6 23. Nxf6 Qxf6 24. Ne4 Qe7 25. Rd3 Bd5 26. Rc1 f5 27. gxf5 exf5 28. Nc3 Qxe2 29. Nxe2 Nb3 30. Rcc3 Rde8 31. Ng3 Na5 32. Nxf5 Bf6 33. Bg3 Ka7 34. Rxc7+ Kxa6 35. Nd6 Re2 36. b4 Ba2+ 37. Kc1 b5 38. bxa5 Kxa5 39. Nc8 b4 40. Ra7+ Kb5 41. Rb7+ Kc4 42. Rd2 Rxd2 43. Kxd2 b3 44. Nd6+ Kd5 45. Nb5 1-0